000 00772nam a22002411u 4500
001 05559
003 HDC
007 cr bn ---aaaaa
008 210120p9999 | d 00 engg
040 _aHDC
245 0 _aWhat are Food Additives?
260 _a[no place] :
_b[publisher not identified],
_c[no year]
300 _a 1 online resource (8 pages)
336 _atext
_2rdacontent
337 _acomputer
_2rdamedia
338 _aonline resource
_2rdacarrier
650 _aFood Additives
_91491
650 _aIngredients
_95828
856 _zRequest full-text at [email protected]
942 _2lcc
942 _cAR
942 _kJART 001415
999 _c2883
_d2883